The Importance of Team Work in Business Negotiation bakalárska práca

Saved in:
Bibliographic Details
Main Author: Horváth, Márta
Corporate Author: Fakulta aplikovaných jazykov EU v Bratislave. Katedra interkultúrnej komunikácie
Other Authors: Pápaiová, Adriana
Format: Book
Language:English
Published: Bratislava 2015
Tags: Add Tag
No Tags, Be the first to tag this record!

MARC

LEADER 00000nbm a2200000 4500
001 0202054
005 20161212094239.3
041 0 |a eng 
044 |a SK 
245 1 0 |a The Importance of Team Work in Business Negotiation  |b bakalárska práca  |c Márta Horváth ; školiteľ: Adriana Pápaiová 
264 1 |a Bratislava  |c 2015 
300 |a 44 s. 
100 1 |a Horváth, Márta 
700 1 |a Pápaiová, Adriana 
710 2 |a Fakulta aplikovaných jazykov EU v Bratislave. Katedra interkultúrnej komunikácie